JR四国の経営移管駅 - Statistics

General Stats
  • This quiz has been taken 17 times
  • The average score is 5 of 13
Answer Stats
Hint Answer % Correct
中村
85%
牟岐線 海部
62%
中村線 若井
54%
土佐佐賀
54%
土佐上川口
38%
浮鞭
38%
荷稲
31%
土佐入野
31%
古津賀
31%
土佐白浜
23%
有井川
23%
伊与喜
15%
西大方
15%
No matching quizzes found
Score Distribution
Percent of People with Each Score
Percentile by Number Answered
Your Score History
You have not taken this quiz